00536nam a2200193 a 4500001001300000003000900013005001700022008004100039020002300080082001800103100002300121245004000144260003300184300000900217500003500226505003100261650002700292700002300319nice12345678IN_TiNIC20260116013154.0050524s1983 newa grp 000 0 eng  a0883446 c83300a276.0973bWIL aWilmore, Gayraud S aBlack Religion and Black Radicalism aNew YorkbOrbis Books c1983 a288p aincludes index and biblioraphy2 aNotes, Bibliography, Index aAfro-American Chruches1 aWilmore, Gayraud S